000 00320 a2200109 4500
001 ART_5847
005 20260410161828.0
008 260409a
245 1 0 _aEl sector agropecuario argentino
100 1 _aReca, Lucio G.
773 0 _tEstudios Económicos
_g- Vol. 23, Nº 47 (jul./dic. 2006)
_wREV5080
999 _c22982
_d22982